000 00666nam a2200253Ia 4500
003 OSt
005 20221005084230.0
006 a|||||r|||| 00| 0
007 ta
008 221004b |||||||| |||| 00| 0 eng d
020 _a0691012989 (pbk)
024 _a46417
037 _cTextual
040 _aCRL
_cCRL
_beng
041 _2eng
_aeng
082 _aO111:gx, L1
100 _aFyre Northrop
_9499360
245 0 _aAnatomy of criticism
_b Four essays
260 _aNew Jersey
_bPrinceton
_c1971
300 _a383p.
_ccm.
650 _aENGLISH LITERATURE
942 _hO111:gx, L1
_cTEXL
_2cc
999 _c992217
_d992217